Web Based ERP System Enterprise Resource Planning (Record no. 27488)
[ view plain ]
| 000 -LEADER | |
|---|---|
| fixed length control field | 00416nam a2200133Ia 4500 |
| 008 - FIXED-LENGTH DATA ELEMENTS--GENERAL INFORMATION | |
| fixed length control field | 250506s9999 xx 000 0 und d |
| 024 ## - OTHER STANDARD IDENTIFIER | |
| Standard number or code | 05B-59-BS & 05B-60-BS |
| 082 ## - DEWEY DECIMAL CLASSIFICATION NUMBER | |
| Classification number | 005.1072 FAI |
| 100 ## - MAIN ENTRY--PERSONAL NAME | |
| Personal name | Faizan Maqbool Ahmed & Karim Habib |
| 245 #0 - TITLE STATEMENT | |
| Title | Web Based ERP System Enterprise Resource Planning |
| 260 ## - PUBLICATION, DISTRIBUTION, ETC. | |
| Place of publication, distribution, etc. | Karachi: |
| Name of publisher, distributor, etc. | UIT, |
| Date of publication, distribution, etc. | 2005 |
| 600 ## - SUBJECT ADDED ENTRY--PERSONAL NAME | |
| Personal name | Computer Science |
| 650 ## - SUBJECT ADDED ENTRY--TOPICAL TERM | |
| Topical term or geographic name entry element | Bachelor of Computer Science (BS) |
| Withdrawn status | Lost status | Damaged status | Not for loan | Collection | Home library | Current library | Date acquired | Total checkouts | Full call number | Barcode | Date last seen | Price effective from | Koha item type |
|---|---|---|---|---|---|---|---|---|---|---|---|---|---|
| PR-Computer Science | UITU Library | UITU Library | 07/26/2022 | 005.1072 FAI | BS-273 | 05/06/2025 | 05/06/2025 | Project Report |

